000
00301nam a2200121Ia 4500
008
180117s9999 xx 000 0 und d
100
_a
by Beth Day Romulo
245
_a
Another Day
260
_c
2016
300
_a
24-25 pages, 2016 January 24
440
_a
Philippine Panorama
650
_a
EXERCISED
999
_c
353341
_d
353341